000 00278nam a22001217a 4500
008 180214b xxu||||| |||| 00| 0 eng d
041 _aeng
080 _a338
100 _a54
101 _aMEN
245 _aThe evolution of management education
_cKellogg,J.L
942 _2udc
_cBK
999 _c42441
_d42441